i used to think i could fly - Album (Tate McRae) - Statistics

General Stats
  • This quiz has been taken 39 times
  • The average score is 11 of 13
Answer Stats
# Title % Correct
1. ?
100%
5. chaotic
92%
4. what would you do?
92%
8. she's all i wanna be
88%
11. feel like shit
85%
7. what's your problem?
85%
2. don't come back
81%
12. go away
81%
13. i still say goodnight
81%
9. boy x
73%
6. hate myself
73%
10. you're so cool
69%
3. i'm so gone
65%
No matching quizzes found
Score Distribution
Percent of People with Each Score
Percentile by Number Answered
Your Score History
You have not taken this quiz